| 000 | 00581nam a2200193Ia 4500 | ||
|---|---|---|---|
| 003 | GCL | ||
| 008 | 140319s9999 xx 000 0 ara d | ||
| 040 |
_aGCL / _cGCL |
||
| 082 | 0 | 4 |
_a621.78 _bم م |
| 100 | 1 | _aمحمود بهاء الدين بنىالمرجة | |
| 245 | 1 | 0 |
_aمبادئ الاتمتة الصناعية / _cمحمود بهاء الدين بنىالمرجة |
| 300 | _a557 ص | ||
| 490 | _a | ||
| 650 | 0 | 4 | _aالتكنولوجيا |
| 650 | 0 | 4 | _aالصناعة |
| 650 | 0 | 4 | _aالالات الصناعية |
| 650 | 0 | 4 | _aميكنة الالات |
| 942 |
_2ddc _cBK |
||
| 999 |
_c39256 _d39256 |
||